000 00800nam a2200229 a 4500
001 000047099
005 20201002053345.0
008 180416s2006 dr a 000 0 spa d
020 _a9789945468649
020 _a9789945468700 (cuaderno)
040 _aDO-SdBNP
_bspa
_cBNPHU
082 _axxxx
_bT233a, 3ro
100 1 _aTaveras de Frías, Reyita
_937771
245 1 0 _aAprendamos matemática 3 :
_btercer grado /
_cReyita Taveras de Frías.
260 _aSanto Domingo :
_bAlfa y Omega,
_c2006.
300 _av. :
_bil. ;
_c28 cm.
500 _aIncluye datos biográficos de la autora p. 174
500 _aLa biblioteca posee el cuaderno y libro del estudiantes
500 _aMinisterio de Educación República Dominicana
504 _aBibliografía : p. 175
590 _aInventariado, 2018/LP
999 _c46587
_d46587